| 000 | 00791nam a22002417a 4500 | ||
|---|---|---|---|
| 005 | 20140101161153.0 | ||
| 010 | _aENG-108945 | ||
| 020 |
_a9781259098611 _c650.00 |
||
| 020 |
_a1259098613 _c650.00 |
||
| 035 | _aEN-92478 | ||
| 037 | _bDBAD/PUB | ||
| 082 |
_2 22 _a621.38152 |
||
| 100 | _aAnderson, Betty Lise | ||
| 245 |
_aFundamentals of semiconductor devices / _cby Betty Lise Anderson [and] Richard L. Anderson |
||
| 260 |
_aNew Delhi _bMcGraw Hill Education _c2013 |
||
| 270 |
_aP-24,Green Park Extension _bNew Delhi _e110016 |
||
| 300 |
_axv, 800p. : _c24cm(pbk) _bill. |
||
| 500 | _aIncludes bibliographical references and index | ||
| 650 | _a Semiconductors | ||
| 650 | _a Transistors | ||
| 700 | _aAnderson, Richard L. | ||
| 942 |
_2ddc _cEN _mAND _h621.38152 |
||
| 999 |
_c81491 _d81491 |
||